| 000 | 01014nam a22002057a 4500 | ||
|---|---|---|---|
| 005 | 20241001114809.0 | ||
| 010 | _aHIN-128410 | ||
| 020 |
_c350.00 _a9789392568572 |
||
| 035 | _aHN-100756 | ||
| 037 | _bDBAD | ||
| 082 | _a551.41 | ||
| 100 |
_aगुहे, राजीव _972239 |
||
| 245 |
_aभू-विज्ञान एक परिचय: शैलिकी के सिद्धांत/ _cराजीव गुहे |
||
| 246 | _aIntroduction to Geology: Principals of Petrology | ||
| 250 | _a1 | ||
| 260 |
_aरायपुर,छत्तीसगढ़ _bअदिति पब्लिकेशन _c2023 |
||
| 270 |
_aनये पांचजन्य विद्या मंदिर के सामने, तिरंगा चौक के पास, कुशालपुर _bरायपुर,छत्तीसगढ़ _e492001 _k9425210308 |
||
| 300 |
_a124,xv पृ. _c21 सेमी (अजिल्द) |
||
| 942 |
_2ddc _cHN _h551.41 _mगुहेरा |
||
| 999 |
_c205947 _d205947 |
||